Statistics for Diana - One Direction (All Lyrics)

Click here to take the quiz!

General Stats

  • This quiz has been taken 12 times
  • The average score is 229 of 284

Answer Stats

Answers% Correct
a
100%
at
100%
be
100%
Diana
100%
don't
100%
even
100%
hear
100%
I
100%
know
100%
me
100%
one
100%
The
100%
the
100%
you
100%
your
100%
all?
91%
all
91%
but
91%
But
91%
can
91%
It's
91%
Let
91%
so
91%
to
91%
and
82%
been
82%
crying
82%
different
82%
feel
82%
heart
82%
language
82%
make
82%
not
82%
speak
82%
call
73%
could
73%
How
73%
I'm
73%
light
73%
look
73%
mine
73%
Oh
73%
Oh-ah-oh
73%
Oh-oh-oh
73%
save
73%
still
73%
up
73%
you'd
73%
You'd
73%
You've
73%
you've
73%
break
64%
criminal
64%
eyes
64%
fire
64%
for
64%
If
64%
inside
64%
life
64%
lonely
64%
pictures
64%
saving
64%
They
64%
think
64%
This
64%
baby
55%
Baby
55%
can't
55%
front
55%
miss
55%
mistreat
55%
never
55%
realize
55%
small
55%
someone
55%
those
55%
wanna
55%
We
55%
would
55%
down
45%
far
45%
four
45%
hold
45%
I'd
45%
lift
45%
months
45%
need
45%
now
45%
only
45%
out
45%
pages
45%
put
45%
are
36%
fallen
36%
mislead
36%
over
36%
reach
36%
something
36%
Swear
36%
these
36%
walls
36%

Score Distribution

Percentile by Number Answered

Percent of People with Each Score

Your Score History

You have not taken this quiz